000 00414nam a2200121Ia 4500
008 220216s9999 xx 000 0 und d
100 _aTuy Le Mau
245 0 _aCold damage to rubber tree in northern Vietnam in early 2008
260 _bIRRI-IRRDB International Rubber Conference 2009, 26-27 October 2009, Bogor, Indonesia, Paper 2.
_c2009
700 _aMinh Tran Dinh
700 _aTruong Tuy Vu Van
942 _cJS
999 _c55829
_d55829